00535 2200205 4500001002100000005001500021035002000036007000300056008004100059082000800100084001400108100001700122245007200139250001000211260002800221300003400249500001300283650002000296990001300316INLIS00000000000138220230607074959 a0010-0623000046ta230607 g f ind  a813 a813 GHI k0 aGhiyat Aesna1 aKlise :bKalau Cinta Membuat Semuanya Semakin Sulit /cGhiyat Aesna acet.1 aJakarta :bZettu,c2013 a236 hlm. :bilus. ;c13x19 cm aBiografi 4aFiksi Indonesia a01020102